000 00294nam a22001217a 4500
082 _a030
_bCHA/M
100 _aCHANDRAN, SUDHEESH
245 _aMATHEMATICS RANK SCORER
260 _aTRIVANDRUM
_bMATHEMATICS RANK SCORER
300 _a467
650 _aMATHEMATICS ENCYCLOPEDIA
_zINDIA
942 _cBK
999 _c2173
_d2173